Tilastot visalle Vähiten metsittyneet valtiot

Klikkaa tästä pelataksesi tätä visaa!

Yleistilastot

  • Tätä visaa on pelattu 285 kertaa
  • Keskiarvotulos 13 / 20

Vastaustilastot

%MaanosaValtio% Oikein
0,0583AfrikkaEgypti
88%
0,0652AasiaSaudi-Arabia
86%
0,686AfrikkaAlgeria
85%
0,894AasiaJemen
81%
0,145AasiaOman
81%
0,0842AfrikkaLibya
78%
0,929AasiaQatar
76%
0,596AasiaIrak
75%
0,425AasiaKuwait
70%
0,648AasiaYhdistyneet arabiemiirikunnat
65%
0,204AasiaJordania
59%
0,270AfrikkaMauritania
58%
0,667AfrikkaNiger
58%
1,44OseaniaNauru
55%
0,361EurooppaIslanti
54%
0,184AasiaTurkmenistan
48%
0,641AasiaUzbekistan
47%
0,713OseaniaMarshallinsaaret
41%
0,0947AfrikkaDjibouti
40%
1,39AasiaMalediivit
33%

Tulosjakauma

Persentiili vastausten määrän mukaan

Jokaisen tuloksen saaneiden osuus

Tuloshistoriasi

Et ole pelannut tätä visaa